000 00683cam a22002054a 4500
020 _a0195140729 (cloth : alk. paper)
050 0 0 _aRC480.5
_b.G85 2002
245 0 2 _aA guide to treatments that work /
_cedited by Peter E. Nathan, Jack M. Gorman.
250 _a2nd ed.
260 _aNew York :
_bOxford University Press,
_c2002.
300 _axii, 681 p. :
650 0 _xTreatment
_xEvaluation.
650 1 2 _xtherapy.
650 2 2 _xmethods.
700 0 _aNathan, Peter E.
700 0 _aGorman, Jack M.
856 4 1 _uhttp://www.loc.gov/catdir/enhancements/fy0612/2001034636-t.html
856 4 2 _uhttp://www.loc.gov/catdir/enhancements/fy0612/2001034636-d.html
942 _2lcc
_cGEN
999 _c4773
_d4773